Statistics for Most Popular 5-letter Baby Boy Names by Decade (UK)

Click here to take the quiz!

General Stats

  • This quiz has been taken 13,559 times
  • The average score is 146 of 236

Answer Stats

HintAnswer% Correct
1904 | 1914 | 1924 | +5 othersHarry
92%
1904 | 1914 | 1924 | +9 othersJames
91%
1904 | 1914 | 1924 | +9 othersDavid
90%
1904 | 1914 | 1924 | +7 othersPeter
89%
1904 | 1914 | 1924 | +6 othersHenry
88%
1904 | 1914 | 1924 | +3 othersFrank
82%
1924 | 1934 | 1944 | +3 othersBrian
79%
1934 | 1944 | 1954Bryan
79%
1944 | 1954 | 1964 | +2 othersKevin
79%
1994 | 2004 | 2014Jacob
78%
2004 | 2014Lucas
75%
2004 | 2014Ethan
73%
2004 | 2014Isaac
69%
1974 | 1984 | 1994Jason
69%
2004 | 2014Oscar
69%
1954 | 1964 | 1974 | +2 othersSimon
68%
2014Tommy
68%
1984 | 1994 | 2004Aaron
65%
1904 | 1914 | 1924 | +4 othersAllan
63%
1904 | 1914 | 1924 | +6 othersColin
63%
1924 | 1934 | 1944 | +3 othersKeith
62%
2014Louie
61%
1904 | 1914 | 1994 | 2004Louis
61%
1934 | 1944 | 1954 | +3 othersBarry
60%
1904 | 1914 | 1924 | +4 othersLewis
59%
2004 | 2014Mason
59%
1984Danny
58%
2004Aidan
57%
1994 | 2004Billy
57%
1944 | 1964 | 1984Terry
55%
1954 | 1964Garry
54%
2004 | 2014Tyler
54%
2004 | 2014Alfie
53%
1924 | 1934 | 1944 | +2 othersDerek
53%
1974 | 1984 | 1994 | 2004Jamie
53%
2014Logan
52%
1994 | 2004 | 2014Dylan
51%
1934 | 1944 | 1954 | 1964Roger
49%
1964 | 1974 | 1984 | 1994Craig
48%
1974 | 1984 | 1994Scott
47%
1904 | 1914 | 1924 | +2 othersDenis
46%
1904 | 1914 | 1924 | 1934Edwin
45%
1974 | 1984 | 1994Shane
45%
1964 | 1974 | 1984 | 1994Shaun
45%
1944 | 1954 | 1964 | 1974Nigel
44%
1964 | 1974 | 1984Wayne
42%
1974 | 1984Gavin
40%
2014Riley
40%
1944 | 1954 | 1964 | 1974Robin
40%
1904 | 1914 | 1924Edgar
39%
1994Conor
38%
2014Blake
35%
1904Jesse
35%
1904 | 1914 | 1924 | 1934Ralph
35%
1994 | 2004Reece
30%
1984Ricky
30%
2014Teddy
30%
1934 | 1944 | 1954 | 1964Clive
29%
1904 | 1914 | 1924Percy
29%
1904 | 1914 | 1924Cecil
26%
1904 | 1914 | 1924 | 1934Cyril
25%
1934 | 1954 | 1974Abdul
16%
1914 | 1924Basil
16%

Score Distribution

Percentile by Number Answered

Percent of People with Each Score

Your Score History

You have not taken this quiz